|
|
|
|
| LEADER |
02246nam a2200553 a 4500 |
| 001 |
nkc20152695524 |
| 003 |
CZ PrNK |
| 005 |
20150513073737.0 |
| 007 |
ta |
| 008 |
150422s2013 xr ach e 000 0 cze |
| 015 |
|
|
|a cnb002695524
|
| 020 |
|
|
|q (Brož.)
|
| 040 |
|
|
|a BOA001
|b cze
|
| 043 |
|
|
|a e-xr---
|b e-xr-vy
|2 czenas
|
| 072 |
|
7 |
|a 27
|x Křesťanství. Křesťanská církev všeobecně. Eklesiologie
|2 Konspekt
|9 5
|
| 080 |
|
|
|a 272-774
|2 MRF
|
| 080 |
|
|
|a 27-7
|2 MRF
|
| 080 |
|
|
|a 27-4
|2 MRF
|
| 080 |
|
|
|a 272-726.3
|2 MRF
|
| 080 |
|
|
|a 726.54:272
|2 MRF
|
| 080 |
|
|
|a 27-52:904
|2 MRF
|
| 080 |
|
|
|a 94(437.324)
|2 MRF
|
| 080 |
|
|
|a 2-6
|2 MRF
|
| 080 |
|
|
|a (082)
|2 MRF
|
| 245 |
0 |
0 |
|a Martínkovský vlastivědný sborník :
|b 2/2013 : 300 let od obnovy kostela Navštívení Panny Marie /
|c [publikaci sestavili Pavel Valíček a Vlastimil Smetana]
|
| 246 |
3 |
0 |
|a 300 let od obnovy kostela Navštívení Panny Marie
|
| 246 |
3 |
0 |
|a Tři sta let od obnovy kostela Navštívení Panny Marie
|
| 260 |
|
|
|a Martínkov :
|b Obecní úřad Martínkov,
|c 2013
|
| 300 |
|
|
|a 78 s. :
|b il., portréty, faksim. ;
|c 21 cm
|
| 500 |
|
|
|a 500 výt.
|
| 504 |
|
|
|a Obsahuje bibliografii
|
| 610 |
2 |
7 |
|a Katolická církev.
|b Farní úřad (Martínkov, Česko)
|7 mzk2015871201
|2 czenas
|
| 610 |
2 |
7 |
|a Kostel Navštívení Panny Marie (Martínkov, Česko)
|7 mzk2015871199
|2 czenas
|
| 650 |
0 |
7 |
|a katolické farnosti
|7 ph114894
|z Česko
|2 czenas
|
| 650 |
0 |
7 |
|a církevní správa
|7 ph232635
|z Česko
|2 czenas
|
| 650 |
0 |
7 |
|a církevní život
|7 ph119306
|z Česko
|2 czenas
|
| 650 |
0 |
7 |
|a katoličtí kněží
|7 ph114899
|z Česko
|2 czenas
|
| 650 |
0 |
7 |
|a katolické kostely
|7 ph114895
|z Česko
|2 czenas
|
| 650 |
0 |
7 |
|a církevní památky
|7 ph114287
|z Česko
|2 czenas
|
| 651 |
|
7 |
|a Martínkov (Česko)
|7 ge343627
|x dějiny
|2 czenas
|
| 651 |
|
7 |
|a Martínkov (Česko)
|7 ge343627
|x náboženské poměry
|2 czenas
|
| 655 |
|
7 |
|a sborníky
|7 fd163935
|2 czenas
|
| 700 |
1 |
|
|a Valíček, Pavel,
|d 1939-2023
|7 jn19990209956
|4 com
|
| 700 |
1 |
|
|a Smetana, Vlastimil,
|d 1941-2020
|7 mzk2005266479
|4 com
|
| 910 |
2 |
|
|a BOA001
|b 2-1346.099
|
| 990 |
|
|
|a BK
|
| 995 |
|
|
|a 60
|
| 991 |
|
|
|b 201505
|c NOV
|e n
|
| 996 |
6 |
|
|b 2610631650
|c 2-1346.099
|l MZK
|r Sklad / do 1 hodiny
|n 2
|p p.v.
|w 001503111
|u 000010
|a 1
|e BOA001
|j MZK50
|s P
|